000 00331 a2200145 4500
001 155027
040 _cEscola São Tomás de Aquino
100 _aMARQUES, Amadeu
240 1 0 _aThe Inspector's Holidays
_leng
245 1 0 _aThe Inspector's Holidays
300 _a16
362 0 _a1993
697 _aLíngua inglesa
942 _cBK
999 _c155027
_d155027